Setting-out procedures for the modern built environment (Record no. 107598)
[ view plain ]
| 000 -LEADER | |
|---|---|
| fixed length control field | 01063cam a22002655a 4500 |
| 001 - CONTROL NUMBER | |
| control field | L141003 |
| 008 - FIXED-LENGTH DATA ELEMENTS--GENERAL INFORMATION | |
| fixed length control field | 071024s2007 xxk f f 000 0 eng d |
| 020 ## - INTERNATIONAL STANDARD BOOK NUMBER | |
| International Standard Book Number | 9780860177098 |
| 035 ## - SYSTEM CONTROL NUMBER | |
| System control number | (Sirsi) u141003 |
| 041 0# - LANGUAGE CODE | |
| Language code of text/sound track or separate title | eng |
| 050 04 - LIBRARY OF CONGRESS CALL NUMBER | |
| Classification number | 526.96 $2 18 |
| 100 1# - MAIN ENTRY--PERSONAL NAME | |
| Personal name | Sadgrove, B. M. |
| 245 00 - TITLE STATEMENT | |
| Title | Setting-out procedures for the modern built environment |
| 260 ## - PUBLICATION, DISTRIBUTION, ETC. | |
| Place of publication, distribution, etc. | London |
| Name of publisher, distributor, etc. | CIRIA |
| Date of publication, distribution, etc. | 2007 |
| 300 ## - PHYSICAL DESCRIPTION | |
| Extent | 143p. |
| Dimensions | 22cm. |
| 490 #0 - SERIES STATEMENT | |
| Series statement | CIRIA |
| Volume/sequential designation | C709 |
| 520 ## - SUMMARY, ETC. | |
| Summary, etc. | This handbook contains recommendations for the setting-out of building and civil engineering works, which are based on the practical experience of practising engineers and can be applied to most small to medium sized contracts. Includes modern instrumentation and techniques, and a section on Global Positioning Systems. |
| 521 2# - TARGET AUDIENCE NOTE | |
| Target audience note | Advanced |
| 590 ## - LOCAL NOTE (RLIN) | |
| Local note | KA |
| 651 #4 - SUBJECT ADDED ENTRY--GEOGRAPHIC NAME | |
| Geographic name | United Kingdom |
| Chronological subdivision | |
| 690 ## - LOCAL SUBJECT ADDED ENTRY--TOPICAL TERM (OCLC, RLIN) | |
| Topical term or geographic name as entry element | ENVIRONMENTAL AND LAND CONSULTANCY-GEOMATICS-ENGINEERING SURVEYING |
| 700 1# - ADDED ENTRY--PERSONAL NAME | |
| Personal name | Danson, E. |
| 710 1# - ADDED ENTRY--CORPORATE NAME | |
| Corporate name or jurisdiction name as entry element | Construction Industry Research and Information Association |
| 9 (RLIN) | 4810 |
| 942 ## - ADDED ENTRY ELEMENTS (KOHA) | |
| Suppress in OPAC | 0 |
| Withdrawn status | Lost status | Source of classification or shelving scheme | Damaged status | Not for loan | Home library | Current library | Shelving location | Date acquired | Total Checkouts | Full call number | Barcode | Date last seen | Date last checked out | Copy number | Price effective from | Koha item type |
|---|---|---|---|---|---|---|---|---|---|---|---|---|---|---|---|---|
| Dewey Decimal Classification | London | London | Books | 05/02/2008 | 3 | 526.96 SAD | 30074367 | 06/08/2019 | 17/03/2009 | 1 | 06/08/2019 | Book |